|
|
|
|
| LEADER |
00000nab a2200000 a 4500 |
| 001 |
vtls009323841 |
| 003 |
SK-MaSNL |
| 005 |
20260304172905.0 |
| 008 |
250526c2008 xo |||||||||||000 b|slo |
| 015 |
|
|
|a SNBRB2008/08
|2 snkbucl
|
| 035 |
|
|
|a (uuid)c728ec91-1c46-4da9-8c3f-7ffa2e40b651
|
| 035 |
|
|
|a urn:nbn:sk:snk-ab130z
|
| 035 |
|
|
|a (urnnbn)urn:nbn:sk:snk:ar-005bta
|
| 038 |
|
|
|a SNKBUCL
|
| 040 |
|
|
|a SNKBUCL
|b slo
|c SNKBUCL
|e AACR2
|
| 041 |
0 |
|
|a slo
|
| 044 |
|
|
|a xo
|c SK
|
| 080 |
|
|
|a 630
|x (497.11)
|2 1997
|
| 100 |
1 |
|
|a Kmeťová
|4 aut
|9 1328214
|
| 245 |
1 |
0 |
|a Lesy v Srbskej republike
|c Kmeťová, Kučera
|
| 300 |
|
|
|b Tab.
|
| 650 |
0 |
7 |
|a lesníctvo
|2 snkbucl
|9 1255
|
| 650 |
0 |
7 |
|a lesné hospodárstvo
|2 snkbucl
|9 1256
|
| 650 |
0 |
7 |
|a lesy
|2 snkbucl
|9 1437
|
| 651 |
|
7 |
|a Srbsko
|2 snkbucl
|9 31535
|
| 700 |
1 |
|
|a Kučera
|4 aut
|9 319340
|
| 773 |
0 |
|
|t Les & Slovenské lesokruhy
|g Roč. 64/7, č. 7-8 (2008), s. 52-53
|x 1337-088X
|
| 850 |
|
|
|a Slovenská národná knižnica
|
| 852 |
|
|
|a Slovenská národná knižnica
|
| 954 |
|
|
|a odborná, vedecká literatúra pôvodná (slovenská)
|2 lita
|
| 958 |
|
|
|a ONDV
|
| 958 |
|
|
|a article2022
|
| 958 |
|
|
|a CS
|
| 999 |
|
|
|c 3000577
|d 3002507
|